Brazen chariots; (Record no. 185157)
[ view plain ]
| 000 -LEADER | |
|---|---|
| fixed length control field | 01211 a2200193 4500 |
| 003 - CONTROL NUMBER IDENTIFIER | |
| control field | Nust |
| 005 - DATE AND TIME OF LATEST TRANSACTION | |
| control field | 20170207153406.0 |
| 010 ## - LIBRARY OF CONGRESS CONTROL NUMBER | |
| LC control number | 59002741 |
| 040 ## - CATALOGING SOURCE | |
| Transcribing agency | Nust |
| 082 ## - DEWEY DECIMAL CLASSIFICATION NUMBER | |
| Classification number | 355.02 |
| 100 ## - MAIN ENTRY--PERSONAL NAME | |
| Personal name | Crisp, Robert. |
| 245 ## - TITLE STATEMENT | |
| Title | Brazen chariots; |
| Remainder of title | an account of tank warfare in the Western Desert, November-December, 1941 |
| Statement of responsibility, etc. | Robert Crisp, |
| Medium | Foreword by Lord Harding |
| 260 ## - PUBLICATION, DISTRIBUTION, ETC. | |
| Place of publication, distribution, etc. | Muller |
| Name of publisher, distributor, etc. | London, |
| Date of publication, distribution, etc. | 1959 |
| 300 ## - PHYSICAL DESCRIPTION | |
| Extent | 223 p |
| Other physical details | 21 cm |
| 505 ## - FORMATTED CONTENTS NOTE | |
| Formatted contents note | Foreword (Page-9) The Days Before (APge-11) First Day (page-29) Second Day (Page-33) Third Day (Page-41) Fourth Day (Page-46) Fifth Day (apge-49) Sixth Day (Page-67) Seventh Day (page-91) Eighth Day (page-104) Ninth Day (page-112) Tenth Day (page-118) Eleventh Day (page-134) Twelfth and Thirteenth Day(Page-142) Fourteenth Day (page-148) Fifteenth and Sixteenth Days (page-156) Seventeenth Day (page-163) Eighteenth to Twentieth Day (Page-168) Twenty – First and Twenty – Second Day (page-178) Twenty – Third to Twenty – Eighth Day (page-185) The Last Day (page-203) The Days After (Page-215) |
| 538 ## - SYSTEM DETAILS NOTE | |
| System details note | Almirah No.52, Shelf No.5 |
| 600 ## - SUBJECT ADDED ENTRY--PERSONAL NAME | |
| Personal name | Crisp, Robert. |
| 650 ## - SUBJECT ADDED ENTRY--TOPICAL TERM | |
| Topical term or geographic name entry element | Brazen chariots; an account of tank warfare in the Western Desert, November-December, 1941 |
| 942 ## - ADDED ENTRY ELEMENTS (KOHA) | |
| Source of classification or shelving scheme | |
| Koha item type | Book |
| Withdrawn status | Lost status | Source of classification or shelving scheme | Damaged status | Not for loan | Collection code | Permanent Location | Current Location | Date acquired | Total Checkouts | Full call number | Barcode | Date last seen | Price effective from | Koha item type |
|---|---|---|---|---|---|---|---|---|---|---|---|---|---|---|
| Military College of Signals (MCS) | Military College of Signals (MCS) | 12/12/2016 | 355.02 CRI | MCS20969 | 12/08/2016 | 12/12/2016 | Book |
